|
|
|
|
| LEADER |
02889nam a2200745 i 4500 |
| 001 |
nkc20213313877 |
| 003 |
CZ PrNK |
| 005 |
20220407104601.0 |
| 007 |
ta |
| 008 |
210324s2020 xr a e f 000 0 cze |
| 015 |
|
|
|a cnb003313877
|
| 020 |
|
|
|a 978-80-88354-14-7
|q (kroužková vazba)
|
| 035 |
|
|
|a (OCoLC)1310111625
|
| 040 |
|
|
|a BOA001
|b cze
|e rda
|
| 043 |
|
|
|a e-xr---
|b e-xr-mo
|2 czenas
|
| 072 |
|
7 |
|a 616-053.2
|x Pediatrie
|2 Konspekt
|9 14
|
| 080 |
|
|
|a 614.21:378.093.5
|2 MRF
|
| 080 |
|
|
|a 616-001-053.2
|2 MRF
|
| 080 |
|
|
|a 617-089-053.2
|2 MRF
|
| 080 |
|
|
|a 616-083
|2 MRF
|
| 080 |
|
|
|a 616-07/-08:005.962.13
|2 MRF
|
| 080 |
|
|
|a 614.253.5
|2 MRF
|
| 080 |
|
|
|a (437.326)
|2 MRF
|
| 080 |
|
|
|a (035)
|2 MRF
|
| 100 |
1 |
|
|a Horelová, Hana
|7 xx0121677
|4 aut
|
| 245 |
1 |
0 |
|a Logbook :
|b odborné výkony v adaptačním procesu /
|c autoři: Horelová Hana, Nováková Simona, Hanvelková Petra, Pupíková Blanka
|
| 246 |
3 |
0 |
|a Odborné výkony v adaptačním procesu
|
| 250 |
|
|
|a Vydání: 1
|
| 264 |
|
1 |
|a Ostrava :
|b Fakultní nemocnice,
|c 2020
|
| 300 |
|
|
|a 64 stran :
|b ilustrace (převážně barevné) ;
|c 30 cm
|
| 336 |
|
|
|a text
|b txt
|2 rdacontent
|
| 337 |
|
|
|a bez média
|b n
|2 rdamedia
|
| 338 |
|
|
|a svazek
|b nc
|2 rdacarrier
|
| 500 |
|
|
|a Pod názvem: Chirurgická klinika, Centrum dětské traumatologie a chirurgie
|
| 500 |
|
|
|a 30 výtisků
|
| 504 |
|
|
|a Obsahuje bibliografii
|
| 521 |
8 |
|
|a Určeno pro nelékařské zdravotnické pracovníky
|
| 546 |
|
|
|a Český text
|
| 610 |
2 |
7 |
|a Fakultní nemocnice (Ostrava, Česko).
|b Chirurgická klinika
|7 olak20201088443
|2 czenas
|
| 650 |
0 |
7 |
|a fakultní nemocnice
|7 ph270286
|z Česko
|2 czenas
|
| 650 |
0 |
7 |
|a dětská traumatologie
|7 ph134751
|2 czenas
|
| 650 |
0 |
7 |
|a dětská chirurgie
|7 ph134746
|2 czenas
|
| 650 |
0 |
7 |
|a ošetřovatelská péče
|7 ph162660
|2 czenas
|
| 650 |
0 |
7 |
|a zdravotní výkony
|7 ph413827
|2 czenas
|
| 650 |
0 |
7 |
|a zdravotní sestry
|7 ph137872
|2 czenas
|
| 650 |
0 |
9 |
|a teaching hospitals
|z Czechia
|2 eczenas
|
| 650 |
0 |
9 |
|a pediatric traumatology
|2 eczenas
|
| 650 |
0 |
9 |
|a pediatric surgery
|2 eczenas
|
| 650 |
0 |
9 |
|a nursing care
|2 eczenas
|
| 650 |
0 |
9 |
|a health care performance evaluation
|2 eczenas
|
| 650 |
0 |
9 |
|a practical nurses
|2 eczenas
|
| 651 |
|
7 |
|a Ostrava (Česko)
|7 ge128537
|2 czenas
|
| 651 |
|
9 |
|a Ostrava (Czechia)
|2 eczenas
|
| 655 |
|
7 |
|a příručky
|7 fd133209
|2 czenas
|
| 655 |
|
9 |
|a handbooks and manuals
|2 eczenas
|
| 700 |
1 |
|
|a Nováková, Simona
|4 aut
|
| 700 |
1 |
|
|a Hanvelková, Petra
|4 aut
|
| 700 |
1 |
|
|a Pupíková, Blanka
|7 mzk20221140589
|4 aut
|
| 710 |
2 |
|
|a Fakultní nemocnice (Ostrava, Česko).
|b Centrum dětské traumatologie a chirurgie
|7 mzk20221140834
|4 isb
|
| 910 |
2 |
|
|a BOA001
|b 4-1482.323
|
| 928 |
9 |
|
|a Fakultní nemocnice Ostrava
|
| 990 |
|
|
|a BK
|
| 995 |
|
|
|a 01
|
| 991 |
|
|
|b 202203
|c NOV
|
| 996 |
6 |
|
|b 2610893609
|c 4-1482.323
|l MZK
|r Sklad / do 1 hodiny
|n 0
|p p.v.
|w 001877552
|u 000010
|a 1
|e BOA001
|j MZK50
|s P
|